00285nam a2200121 a 4500008004100000020001500041050001600056100001400072245002700086260002500113300001600138350000900154120416s1979 ||||||||||||||||| || u a0273012606 aHF 5635 Eve aEve, John10aAccounting: an insight aLondonbPitmanc1979 a[vi], 184p. a0.00